|
|
|
|
| LEADER |
00943nam a2200265 a 4500 |
| 001 |
GR-Patra35932 |
| 008 |
040624s2011 mau g 000 0 eng d |
| 020 |
|
|
|z 978-007-131121-2
|
| 040 |
|
|
|a GrPaTEI
|b gre
|c GR-PaULI
|
| 040 |
|
|
|a GrPaTEI
|b gre
|c GR-PaULI
|
| 082 |
|
0 |
|a 620.106
|2 23
|
| 100 |
1 |
|
|a White, Frank M.
|
| 245 |
1 |
0 |
|a Fluid mechanics /
|c Frank M. White ; Adapted by Chiu-On Ng, Saroj Saimek.
|
| 250 |
|
|
|a 7th ed.
|
| 260 |
|
|
|a Boston :
|b McGraw-Hill,
|c c2011
|
| 300 |
|
|
|a 878σ. +
|e 1cd
|
| 650 |
|
4 |
|a ΡΕΥΣΤΟΔΥΝΑΜΙΚΗ
|
| 650 |
|
4 |
|a ΡΕΥΣΤΟΜΗΧΑΝΙΚΗ
|
| 700 |
1 |
|
|a Ng, Chiu-On
|
| 700 |
1 |
|
|a Saimek, Saroj
|
| 710 |
0 |
|
|a McGraw-Hill/WCB
|
| 942 |
|
|
|2 ddc
|
| 952 |
|
|
|0 0
|1 0
|2 ddc
|4 0
|6 620_106000000000000_WHI
|7 1
|9 316888
|a LISK
|b LISK
|c BSC
|d 2021-01-17
|e 24
|f 0
|g 0.00
|l 0
|o 620.106 WHI
|p 92410059112
|r 2021-01-17 00:00:00
|t 1
|w 2021-01-17
|y BKN
|x 20140224 0 0
|x GrPaTEI
|
| 971 |
|
|
|a .b26835046
|b 15-04-20
|c 27-09-16
|
| 999 |
|
|
|c 180360
|d 180360
|